Geography Quiz

Random Geography or State Quiz

States Fully Inside an 859 Mile Radius Around Lexington Quiz Stats

 Plays Quiz not verified by Sporcle

Support Sporcle.
Go Orange.
Score 0/28 Timer 03:00
0 Plays Today
State % Correct
???
88%
???
86%
???
83%
???
82%
???
80%
???
78%
???
76%
???
75%
???
75%
???
74%
???
73%
???
72%
???
71%
???
70%
State % Correct
???
70%
???
67%
???
66%
???
66%
???
66%
???
62%
???
59%
???
57%
???
53%
???
47%
???
47%
???
43%
???
41%
???
20%

You're not logged in!

Compare scores with friends on all Sporcle quizzes.
OR
Log In

From the Vault

'P' Countries by Length

by sproutcm

P is for pig, pizza, and...country?
Remove Ads.
Support Sporcle.
Get the best of Sporcle when you Go Orange. This ad-free experience offers more features, more stats, and more fun while also helping to support Sporcle. Thank you for becoming a member.

Show Comments

Extras

Top Quizzes Today


Score Distribution

Your Account Isn't Verified!

In order to create a playlist on Sporcle, you need to verify the email address you used during registration. Go to your Sporcle Settings to finish the process.

Report this User

Report this user for behavior that violates our Community Guidelines.

Details: